000 00260nam a2200121Ia 4500
100 _aFrank W. Willson
942 _cBK
654 _atool Design
245 _aFundamentals of tool Design
260 _bprentice hall
_c1964
300 _a492
546 _aENGLISH
999 _c25377
_d25377